Capitals Without the Letters of “Praia” - Statistics

General Stats
  • This quiz has been taken 7 times
  • The average score is 4 of 7
Answer Stats
Continents Capital % Correct
Asia Seoul
80%
Asia Tokyo
80%
Europe London
60%
Europe Moscow
60%
Europe Oslo
60%
Africa Lomé
20%
Europe Stockholm
20%
No matching quizzes found
Score Distribution
Percent of People with Each Score
Percentile by Number Answered
Your Score History
You have not taken this quiz